00528nam a2200205Ia 450000500170000000800410001702000150005808200210007324500360009426000390013030000160016965000130018565000200019865000210021865000140023965000190025365000130027265000190028570000180030420250210041418.0240331s9999 xx 000 0 und d a0415046998 bGUN22036a305.4 0aA Reader in Feminist Knowledge  aNew York;aLondonbRoutledgec1991 axi, 414 p., aFeminism aWomen's Studies aRadical Feminism aSocialism aPostmodernism  aReligion aPsychoanalysis aGunew, Seedt